Statistics for College Basketball Division Championships 2015

Click here to take the quiz!

General Stats

  • This quiz has been taken 18 times
  • The average score is 9 of 32

Answer Stats

HintAnswer% Correct
SECKentucky
82%
Ivy LeagueHarvard
64%
Big EastVillanova
64%
Pac-12Arizona
55%
West CoastGonzaga
55%
AACSMU
55%
Big TenWisconsin
55%
Big 12Iowa St
36%
MACBuffalo
27%
Big SkyE Washington
27%
MEACHampton
27%
Missouri ValleyNorthern Iowa
27%
Atlantic SunNorth Florida
27%
ACCNotre Dame
27%
Atlantic 10VCU
27%
American EastAlbany
18%
Ohio ValleyBelmont
18%
Big SouthCoastal Carolina
18%
Sun BeltGeorgia St
18%
WACNew Mexico St
18%
SummitNorth Dakota St
18%
ColonialNortheastern
18%
NortheastRobert Morris
18%
SouthlandStephen F. Austin
18%
Mountain WestWyoming
18%
MAACManhattan
9%
SWACTexas Southern
9%
Conference USAUAB
9%
Big WestUC Irvine
9%
SouthernWofford
9%
PatriotLafayette
0%
HorizonValparaiso
0%

Score Distribution

Percentile by Number Answered

Percent of People with Each Score

Your Score History

You have not taken this quiz